| 000 | nam a22 a 4500 | ||
|---|---|---|---|
| 999 |
_c1235 _d1235 |
||
| 003 | AKMAL | ||
| 005 | 20170508162614.0 | ||
| 008 | 170508s1997 my 00 may d | ||
| 020 |
_a9830461653 (kkt.): _cRM 6.00 |
||
| 040 |
_aAKMAL _cAKMAL |
||
| 082 | 0 | 4 | _a297.577 MUH |
| 090 | 0 | 0 |
_a297.577 _bMUH |
| 100 | 0 |
_aMuhammad Thalib _91765 |
|
| 245 | 1 | 0 |
_a40 peranan ibu bapa mithali / _cMuhammad Thalib |
| 260 |
_aKuala Lumpur : _bDarul Nu'man, _c1997 |
||
| 300 | 0 | 0 |
_aviii, 178ms. ; _c19cm |
| 440 | 0 |
_aSiri keluarga gemilang _92159 |
|
| 500 | _aMengandungi ayat-ayat dari Quran | ||
| 650 | 0 |
_aFathers and sons _xReligious aspects _xIslam _92463 |
|
| 650 | 0 |
_aIslam _xCustoms and practices _91330 |
|
| 650 | 0 |
_aFathers _xConduct of life _92464 |
|
| 740 | 0 | 2 | _aEmpat puluh peranan ibu bapa mithali |
| 942 |
_2ddc _cBOOK |
||